000 00874nam a2200205Ia 4500
008 0000001992 pr a 0000000000spa00
090 _aPPR00 P27r
100 1 _aPérez Ruiz, José A.
245 1 0 _aRoberto BonillaRyan
_b: momentos
_c/ textos José A. Péres Ruiz, Manuel Alvarez Lezama
300 _a[20] p.
_c/ 24 cm.
500 _aExposición realizada en Galería Luigi Marrozzini, San Juan de Puerto Rico, Agosto, 1992 \ Con el patronazgo del maestro venezolano Jesús Rafael Soto (q.e.p.d.)
600 0 0 _aBONILLARYAN, ROBERTO, 1947/
_xTRABAJOS PICTORICOS
650 1 4 _aARTE CONTEMPORANEO PUERTORRIQUEÑO
650 1 4 _xCATALOGOS
650 1 4 _xEXPOSICIONES
650 1 4 _aPINTORES PUERTORRIQUEÑOS
650 1 4 _aPINTURA PUERTORRIQUEÑA
700 1 _aAlvarez Lezama, Manuel
999 _c1674
_d1674
260 _aSan Juan (Puerto Rico) : Luigi Marrozzini Gallery
_c1992